Responses for Show #4214 - Thursday, December 19, 2002

Contestants

[<< previous game]

Molly Woods, a copywriter from Arlington, Virginia

Patrick Morris, a caterer at fairs from Alameda, California

Elizabeth Baxter, a college student from Broken Arrow, Oklahoma (whose 3-day cash winnings total $39,900)

[next game >>]

Jeopardy! Round responses

BOSTON "T" PARTY
CLASSROOM FILMS
DAIRY PRODUCTS
INNOVATORS
COLORFUL WORDS & PHRASES
GOING THROUGH THE MOTIONS
    $200 19
terrier

Elizabeth
    $200 16
Dead Poets Society

Elizabeth
    $200 1
curd

Molly
    $200 14
(Molly: What is Hasbro?)

Wham-O

ElizabethMolly
    $200 2
pink slip

Patrick
    $200 8
thrust

Patrick
    $400 20
Two Guys

Elizabeth
    $400 18
(Elizabeth: What is "Goodbye, Mr. Chips?")

Blackboard Jungle

ElizabethPatrick
    $400 3
(Patrick: What is a yeast?)

bacteria

PatrickMolly
    $400 15
diapers

Molly
    $400 4
Yellow Submarine

Elizabeth
    $400 9
seismograph

Elizabeth
    $600 21
Freedom Trail

Elizabeth
    $600 24
To Sir, with Love

Patrick
    $600 5
pasteurization

Elizabeth
    $600 17
(Patrick: What is a chain saw?)

Weed Whacker

PatrickMolly
    $600 11
Green Berets

Patrick
    $600 10
tsunamis

Molly
    $800 22
(Patrick: What is a toll road?)
.....
(Alex: Our researchers just checked & found out the tolls on I-90 had doubled, so your response is acceptable.)

turnpike

Patrick
    $800 25
Stand and Deliver

Molly
    $800 6
butter

Patrick
    $800 27
compass

Molly
    $800 12
to paint the town red

Patrick
    $800 29
pistons

Elizabeth
    $1000 23
Johnny Tremain

Elizabeth
    $1000 26
Dangerous Minds

Elizabeth
    $1000 7
lactose

Patrick
    $1000 28
Hobie

Triple Stumper
    $1000 13
blackmail

Triple Stumper
    $1,500 30
torque

Elizabeth

Scores at the first commercial break (after clue 15):

Elizabeth Patrick Molly
$1,600 $3,200 $1,400

Scores at the end of the Jeopardy! Round:

Elizabeth Patrick Molly
$6,900 $4,400 $3,600

Double Jeopardy! Round responses

WORLD OF AUTHORS
19th CENTURY BASEBALL
VICE PRESIDENTS
INTERNATIONAL AIRPORT CODES
(Alex: We'll give you the codes, you identify the city.)
A NIGHT AT THE OPERA
GOING THROUGH THE EMOTIONS
    $400 6
Boris Pasternak

Elizabeth
    $400 26
base stealing

Elizabeth
    $400 11
James Buchanan

Molly
    $400 15
Budapest

Elizabeth
    $400 21
Otello

Molly
    $400 1
woe (Whoa!)

Elizabeth
    $800 7
(Patrick: What is Norway?)

Denmark

PatrickMolly
    $800 27
(Patrick: What is 40?)

45

Patrick
Triple Stumper
    $800 12
slavery

Molly
    $800 17
Madrid

Patrick
    $800 22
Georges Bizet

Elizabeth
    $800 2
regrets

Elizabeth
    $1200 8
Emile Zola

Triple Stumper
    $1200 28
(Patrick: What are foul balls?)
....
[The end-of-round signal sounds.]

walks

Patrick
Triple Stumper
    $1200 13
James Madison

Elizabeth
    $1200 18
Shannon

Patrick
    $1200 23
The Sleepwalker

Molly
    $1200 3
bliss

Elizabeth
    $1600 9
Albert Camus

Elizabeth
    $1600 14
Nelson Rockefeller

Patrick
    $1600 19
Acapulco

Molly
    $1600 24
(Elizabeth: I don't know.)
....
(Alex: Less than a minute to go now.)

Parsifal

Elizabeth
Triple Stumper
    $3,000 4
(Elizabeth: What is eminence?)

reverence

Elizabeth
    $2000 10
Thomas Mann

Triple Stumper
    $2000 16
William McKinley

Triple Stumper
    $3,000 20
(Molly: Don't know.)

Wellington, New Zealand

Molly
    $2000 25
Eugene Onegin

Triple Stumper
    $2000 5
joy

Molly

Scores at the end of the Double Jeopardy! Round:

Elizabeth Patrick Molly
$9,500 $5,200 $7,800

[wagering suggestions for these scores]

Final Jeopardy! Round responses

TV & MUSIC
(Alex: And the song standard was by my song hero, Frank Sinatra.)
PatrickWhat is Strangers in the Night
$5,200
MollyWhat is good morning Starshine?
$7,500
ElizabethWhat is Blue Moon?
$7,000
"Strangers in the Night"

Final scores:

Elizabeth Patrick Molly
$2,500 $10,400 $300
2nd place: $2,000 New champion: $10,400 3rd place: $1,000

Game dynamics:

Coryat scores:

Elizabeth Patrick Molly
$12,000 $5,200 $10,800
21 R
(including 1 DD),
3 W
(including 1 DD)
12 R,
5 W
14 R,
2 W
(including 1 DD)

Combined Coryat: $28,000

[game clues] [game scores] [suggest correction]

Game tape date: 2002-09-18
The J! Archive is created by fans, for fans. Scraping, republication, monetization, and malicious use prohibited; this site may use cookies and collect identifying information. See terms. The Jeopardy! game show and all elements thereof, including but not limited to copyright and trademark thereto, are the property of Jeopardy Productions, Inc. and are protected under law. This website is not affiliated with, sponsored by, or operated by Jeopardy Productions, Inc. Join the discussion at JBoard.tv.